000
00295nam a22001337a 4500
008
181107b xxu||||| |||| 00| 0 eng d
020
_a
9781850700067
041
_a
eng
080
_a
573
100
_a
11
101
_a
BIO
245
_a
The Biology of the Skin
_c
Freinkel.R.K
942
_2
udc
_c
BK
999
_c
52113
_d
52113